Magallanes: Estudio histórico biográfico sobre el gran navegante, Primer premio en el certamen histórico en conmemoración del IV Centenario del descubrimiento del Estrecho de Magallanes. Prólogo del escritor español señor Felipe Aparicio, El Bachiller Alcañices. Complementa la obra una Reseña cronológica de las fiestas magallánicas

Furkejuvvon:
Bibliográfalaš dieđut
Váldodahkkit: Alvarez, Gabriel E. (Dahkki), Tácito (Dahkki)
Materiálatiipa: Girji
Giella:espánnjágiella
Almmustuhtton: Valparaíso Imprenta de la Armada 1925
Preanttus:2a. ed
Fáttát:
Fáddágilkorat: Lasit fáddágilkoriid
Eai fáddágilkorat, Lasit vuosttaš fáddágilkora!

MARC

LEADER 00000nam a2200000 a 4500
001 UCJ4288
003 CL-VaPUC
008 070124e19250000CL |||||||||||||||||spa|d
082 0 4 |a 983  |b ALV  |2 21 
100 0 |a Alvarez, Gabriel E.  |e author  |9 507672 
700 0 |a Tácito  |e author  |9 507673 
245 1 0 |a Magallanes: Estudio histórico biográfico sobre el gran navegante, Primer premio en el certamen histórico en conmemoración del IV Centenario del descubrimiento del Estrecho de Magallanes. Prólogo del escritor español señor Felipe Aparicio, El Bachiller Alcañices. Complementa la obra una Reseña cronológica de las fiestas magallánicas 
246 1 0 |a Restauraciones históricas y vindicación de un pueblo 
250 |a 2a. ed 
300 |a 391, ix p 
942 |c BK 
945 |d 20070124 00:00:00  |a rinostro 
260 |a Valparaíso  |b Imprenta de la Armada  |c 1925 
500 |a Fotografías e ilustraciones de regular calidad 
600 0 7 |a MAGGALLANES, HERNANDO DE  |2 CL-VaPUC  |9 507674 
600 0 7 |a ELCANO, SEBASTIAN  |2 CL-VaPUC  |9 504176 
650 7 |a BIOGRAFIA  |2 CL-VaPUC  |9 504622 
650 0 |a Descubrimientos geográficos  |9 331933 
650 7 |a NAVEGANTES  |2 CL-VaPUC  |9 450740 
650 0 |a Homenajes  |9 258192 
650 0 |a Guerra del Pacífico  |9 314886 
650 0 |a Guerra de la independencia   |9 331979 
650 0 |a Diplomacia  |9 256483 
650 0 |a Antropología   |9 233030 
650 0 |a Ilustraciones  |9 369481 
651 7 |a CHILE  |2 CL-VaPUC  |9 507675 
651 0 |a Perú  |9 256567 
651 0 |a Bolivia  |9 255454 
583 |a last modification  |c 20070124 00:00:00  |k Rodrigo Vera 
999 |c 320405  |d 320403 
952 |0 0  |1 0  |4 0  |6 983_000000000000000_ALV_1925  |7 0  |8 X  |9 398920  |a FDOBUD  |b FDOBUD  |d 2019-11-22  |i 1013440  |o 983 ALV 1925  |p 1013440  |r 2019-11-22  |w 2019-11-22  |y BK_X  |k BUD